Statistiques concernant Clic Ce sont des départements mais aussi... (6)

Cliquez ici pour prendre le quiz!

Statistiques générales

  • Ce quiz a été pris 17 fois
  • Le résultat moyen est 22 sur 50

Statistiques - réponses

HintRéponse% Correct
Le Nord est une région dans les Royaumes oubliésVRAI
88%
L'Oise est un affluent de la SeineVRAI
81%
La Marne est une rocheVRAI
75%
La nièvre désigne la baisse de la fièvreFAUX
69%
Nièvre est un astéroïdeFAUX
69%
Le Rhône est une appellation de vinFAUX
63%
Jura est une ville de CorseFAUX
56%
Lot est une ville d'AllemagneFAUX
56%
L'oise est une jeune oie femelleFAUX
56%
Le Moselle est un vin AOPVRAI
56%
La manche est une portion d'un matchVRAI
56%
Le Jura est un vinVRAI
56%
Le Rhône est une rivière du GardFAUX
50%
Moselle est une commune des VosgesFAUX
50%
Les Loire sont une dynastie d'orfèvresFAUX
50%
Meuse est un coureur cycliste belgeFAUX
50%
Paris est une ville du KentuckyVRAI
50%
Lot est un neveu d'Abraham selon la BibleVRAI
50%
Meuse se trouve dans le nom de 3 anciens départementsVRAI
50%
Paris est un paquebot transatlantiqueVRAI
50%
Paris est un mont de Virginie aux Etats-UnisVRAI
50%
Manche est un prénom fémininVRAI
50%
Loiret est une bataille de la Guerre de 1870FAUX
44%
La Lozère est un type de char d'assaut françaisFAUX
44%
Le loire est un rongeurFAUX
44%
Landes est une commune de l'YonneFAUX
44%
Le Savoie est un col des AlpesVRAI
44%
Loiret est une étoileFAUX
38%
Mayenne est une ville de BelgiqueFAUX
38%
Sarthe est un groupe de musique popFAUX
38%
Landes est un château de l'AllierFAUX
38%
Nièvre est un prénom masculinFAUX
38%
La Sarthe est un quartier de LiègeFAUX
38%
Nord est un roman de CélineVRAI
38%
Paris est un album de Marc LavoineVRAI
38%
L'Oise est une espèce de pommes de terreFAUX
31%
La nièvre est un petit fruit ressemblant à la groseilleFAUX
31%
Paris est une ville du SénégalFAUX
31%
La Mayenne est une rivière du JuraFAUX
31%
La Moselle est une région du LuxembourgFAUX
31%
Le tour du Morbihan est une course de voiliersFAUX
31%
La Lozère est un quartier de PalaiseauVRAI
31%
Nord est un écrivain françaisVRAI
31%
La Nièvre est un sous-marin qui a coulé au large de Dunkerque en 1916FAUX
25%
Le Lot est un affluent de la DordogneFAUX
25%
Le Rhône est une salle de spectacle à LyonFAUX
19%
La Sarthe est un affluent de la MaineFAUX
19%
La Moselle est un poème d'Arthur RimbaudFAUX
19%
Marne se trouve dans le nom de 3 départementsFAUX
13%
Loire se trouve dans le nom de 7 départementsFAUX
6%

Distribution des résultats

Percentile par nombre de réponses

% des personnes avec chaque résultat

Votre développement - résultats

Vous n’avez pas pris ce quiz